[Event "Wch U16 Girls"]
[Site "Mamaia"]
[Date "2022.09.15"]
[Round "10"]
[White "Kochavi, Dana"]
[Black "Dubovyk, Anastasiia"]
[Result "0-1"]
[WhiteElo "1894"]
[BlackElo "2025"]
[PlyCount "84"]
[EventDate "2022.09.06"]
[EventType "swiss"]
[EventRounds "11"]
[EventCountry "ROU"]
[SourceTitle "CBM 210 Extra"]
[Source "ChessBase"]
[SourceDate "2022.11.30"]
[SourceVersion "1"]
[SourceVersionDate "2022.11.30"]
[SourceQuality "1"]

1. e4 c5 2. Nf3 d6 3. d4 cxd4 4. Nxd4 Nf6 5. Nc3 Nc6 6. Nd5 Nxd5 7. exd5 Qa5+ 8. Bd2 Qxd5 9. Nb5 Qe6+ 10. Be2 Qd7 11. c4 Qd8 12. 0-0 a6 13. Nc3 e6 14. Be3 Be7 15. Na4 0-0 16. Nb6 Rb8 17. Qd2 e5 18. Nd5 Be6 19. Bb6 Qd7 20. Rfd1 Bd8 21. Be3 f5 22. Rac1 f4 23. Bb6 Qf7 24. f3 Bxd5 25. Bxd8 Rfxd8 26. Qxd5 Nd4 27. Qe4 Qg6 28. Qd5+ Qf7 29. Qe4 Qf6 30. Qd5+ Kh8 31. Bf1 b6 32. Rc3 a5 33. a3 Nf5 34. Rd2 Ne3 35. Qe4 Rbc8 36. Qb7 Qh4 37. g3 Qg5 38. g4 Qh4 39. Qxb6 Qe1 40. Rf2 Rb8 41. Qxa5 Rg8 42. h3 Nxf1 0-1

[Event "Wch U16 Girls"]
[Site "Mamaia"]
[Date "2022.09.11"]
[Round "6"]
[White "Dubovyk, Anastasiia"]
[Black "Nurmanova, Alua"]
[Result "0-1"]
[WhiteElo "2025"]
[BlackElo "2158"]
[PlyCount "66"]
[EventDate "2022.09.06"]
[EventType "swiss"]
[EventRounds "11"]
[EventCountry "ROU"]
[SourceTitle "CBM 210 Extra"]
[Source "ChessBase"]
[SourceDate "2022.11.30"]
[SourceVersion "1"]
[SourceVersionDate "2022.11.30"]
[SourceQuality "1"]

1. e4 c5 2. Nf3 d6 3. Bb5+ Bd7 4. Bxd7+ Nxd7 5. 0-0 Ngf6 6. Re1 e6 7. c3 Be7 8. d4 0-0 9. e5 Ne8 10. d5 exd5 11. Qxd5 dxe5 12. Qxb7 Nd6 13. Qd5 e4 14. Nfd2 Nb6 15. Qxc5 Rc8 16. Qh5 f5 17. Nb3 Nbc4 18. Nd4 Qd7 19. f4 Bf6 20. Rd1 Rfd8 21. b3 Nb5 22. bxc4 Nxd4 23. cxd4 Bxd4+ 24. Kh1 Qa4 25. Rxd4 Rxd4 26. Nd2 Qc2 27. h4 e3 28. Nf3 Rd1+ 29. Kh2 e2 30. Ng5 Rh1+ 31. Kxh1 e1Q+ 32. Kh2 h6 33. Bb2 Qe8 0-1

[Event "EU-Cup Online Gr-D (Women)"]
[Site "Tornelo INT"]
[Date "2020.12.20"]
[Round "7.4"]
[White "Dubovyk, Anastasiia"]
[Black "Jose Polanco, Kenia"]
[Result "1/2-1/2"]
[WhiteElo "1971"]
[BlackElo "1828"]
[PlyCount "127"]
[EventDate "2020.12.19"]
[EventType "team-tourn (rapid)"]
[EventRounds "9"]
[EventCountry "ISS"]
[SourceTitle "CBM 199 Extra"]
[Source "ChessBase"]
[SourceDate "2021.01.31"]
[SourceVersion "1"]
[SourceVersionDate "2021.01.31"]
[SourceQuality "1"]
[WhiteTeam "Dnipro (W)"]
[BlackTeam "Monte Carlo (W) III"]
[WhiteTeamCountry "UKR"]
[BlackTeamCountry "MNC"]

1. e4 c5 2. Nf3 g6 3. c3 Bg7 4. d4 cxd4 5. cxd4 d5 6. e5 Bg4 7. Nbd2 e6 8. h3 Bxf3 9. Nxf3 Nc6 10. Bd2 Nge7 11. Bb5 0-0 12. 0-0 Rc8 13. Rc1 Qb6 14. Bxc6 Nxc6 15. Bc3 Bh6 16. Bd2 Bg7 17. Bc3 Bh6 18. Rc2 Nb4 19. Bxb4 Qxb4 20. a3 Qb6 21. b4 a5 22. bxa5 Qxa5 23. Rb2 b5 24. Qb3 Rb8 25. Nh2 Rfc8 26. Ng4 Bg7 27. Ra1 Rc3 28. Qb4 Qxb4 29. Rxb4 Bf8 30. Rbb1 Bxa3 31. Ne3 b4 32. Ra2 Rbc8 33. Kh2 Rd3 34. Rc2 Rxc2 35. Nxc2 Rd2 36. Nxb4 Bxb4 37. Rxb4 Rxf2 38. Kg3 Rd2 39. Kf3 Kg7 40. h4 g5 41. hxg5 Kg6 42. g3 Kxg5 43. Ke3 Rg2 44. Kf3 Rd2 45. Ke3 Rd1 46. Rb8 h5 47. Rg8+ Kh6 48. g4 hxg4 49. Rxg4 Rh1 50. Rg3 Rh4 51. Rg2 Kh7 52. Rg1 Re4+ 53. Kd3 Rh4 54. Ke3 Rh6 55. Rf1 Kg7 56. Rg1+ Rg6 57. Rf1 f6 58. exf6+ Rxf6 59. Rxf6 Kxf6 60. Kf4 Kf7 61. Kf3 Kf6 62. Kf4 Kf7 63. Kf3 Kf6 64. Kf4 1/2-1/2

[Event "EU-Cup Online Gr-D (Women)"]
[Site "Tornelo INT"]
[Date "2020.12.20"]
[Round "9.3"]
[White "Dubovyk, Anastasiia"]
[Black "Mammadzada, Gunay Vuqar Qizi"]
[Result "0-1"]
[WhiteElo "1971"]
[BlackElo "2443"]
[PlyCount "66"]
[EventDate "2020.12.19"]
[EventType "team-tourn (rapid)"]
[EventRounds "9"]
[EventCountry "ISS"]
[SourceTitle "CBM 199 Extra"]
[Source "ChessBase"]
[SourceDate "2021.01.31"]
[SourceVersion "1"]
[SourceVersionDate "2021.01.31"]
[SourceQuality "1"]
[WhiteTeam "Dnipro (W)"]
[BlackTeam "Odlar Yurdu (W)"]
[WhiteTeamCountry "UKR"]
[BlackTeamCountry "AZE"]

1. e4 c5 2. Nf3 d6 3. d4 cxd4 4. Qxd4 Nf6 5. c4 Nc6 6. Qe3 g6 7. Nc3 Bg7 8. h3 0-0 9. Be2 Nd7 10. 0-0 Qb6 11. Nd5 Qxe3 12. Nxe3 Nc5 13. Nd2 Nd4 14. Bd1 Nd3 15. Rb1 Bd7 16. Nc2 Ne6 17. Nb3 Rfc8 18. Ne3 Nef4 19. Bc2 Nb4 20. Bd1 Nbd3 21. Bc2 Nxc1 22. Nxc1 Bd4 23. b3 b5 24. Bd1 Rab8 25. Nc2 Bg7 26. Ne2 Nd3 27. cxb5 Bxb5 28. Ned4 Bd7 29. Be2 Nf4 30. Ba6 e5 31. Bxc8 Rxc8 32. Nb4 exd4 33. Rfd1 Ne2+ 0-1

[Event "EU-Cup Online Gr-D (Women)"]
[Site "Tornelo INT"]
[Date "2020.12.19"]
[Round "2.2"]
[White "Dubovyk, Anastasiia"]
[Black "Unuk, Laura"]
[Result "0-1"]
[WhiteElo "1971"]
[BlackElo "2346"]
[PlyCount "66"]
[EventDate "2020.12.19"]
[EventType "team-tourn (rapid)"]
[EventRounds "9"]
[EventCountry "ISS"]
[SourceTitle "CBM 199 Extra"]
[Source "ChessBase"]
[SourceDate "2021.01.31"]
[SourceVersion "1"]
[SourceVersionDate "2021.01.31"]
[SourceQuality "1"]
[WhiteTeam "Dnipro (W)"]
[BlackTeam "Baden Erste Bank (W)"]
[WhiteTeamCountry "UKR"]
[BlackTeamCountry "AUT"]

1. e4 c6 2. d4 d5 3. e5 c5 4. c3 Nc6 5. h3 e6 6. Nf3 Qb6 7. a3 Nh6 8. b4 cxd4 9. cxd4 Nf5 10. Be3 f6 11. exf6 gxf6 12. Bd3 Nxe3 13. fxe3 e5 14. Nc3 Be6 15. Na4 Qc7 16. b5 Na5 17. Rc1 Qg7 18. Nc5 Bxc5 19. Rxc5 b6 20. Rc2 e4 21. 0-0 exd3 22. Qxd3 0-0 23. Nh4 Kh8 24. Nf5 Bxf5 25. Qxf5 Nc4 26. Rf3 Rae8 27. Rc3 Rg8 28. g4 Nd2 29. Rf4 Ne4 30. Rc6 Qf7 31. Kh2 Rg5 32. Rxf6 Qxf6 33. Qd7 Qe7 0-1

[Event "EU-Cup Online Gr-D (Women)"]
[Site "Tornelo INT"]
[Date "2020.12.19"]
[Round "1.2"]
[White "Matnadze, Ana"]
[Black "Dubovyk, Anastasiia"]
[Result "0-1"]
[WhiteElo "2421"]
[BlackElo "1971"]
[PlyCount "112"]
[EventDate "2020.12.19"]
[EventType "team-tourn (rapid)"]
[EventRounds "9"]
[EventCountry "ISS"]
[SourceTitle "CBM 199 Extra"]
[Source "ChessBase"]
[SourceDate "2021.01.31"]
[SourceVersion "1"]
[SourceVersionDate "2021.01.31"]
[SourceQuality "1"]
[WhiteTeam "Wachtebeke De Pluspion (W)"]
[BlackTeam "Dnipro (W)"]
[WhiteTeamCountry "BEL"]
[BlackTeamCountry "UKR"]

1. d4 Nf6 2. Nf3 g6 3. g3 Bg7 4. Bg2 0-0 5. 0-0 d6 6. c4 Nbd7 7. Nc3 e5 8. h3 exd4 9. Nxd4 Re8 10. e4 a6 11. Rb1 Rb8 12. b4 Ne5 13. Qb3 c5 14. Nc2 Be6 15. Nd5 Bxd5 16. cxd5 b5 17. Bb2 Nc4 18. Bxf6 Qxf6 19. Rfd1 Nb2 20. Rf1 c4 21. Qa3 Qc3 22. Qxc3 Bxc3 23. a3 Ra8 24. f4 a5 25. bxa5 Rxa5 26. g4 Nd3 27. Kh2 Nxf4 28. Rxf4 Be5 29. Kg3 g5 30. Kf3 Bxf4 31. h4 h6 32. Bf1 Rea8 33. h5 Kg7 34. Ke2 Kf6 35. Bg2 Ke5 36. Bf3 Rxa3 37. Nxa3 Rxa3 38. Rxb5 c3 39. Kd3 c2+ 40. Kxc2 Rxf3 41. Rb7 Kxe4 42. Rxf7 Be5 43. Rh7 Rf6 44. Ra7 Kxd5 45. Kd3 Rf3+ 46. Ke2 Rf2+ 47. Kd3 Rg2 48. Rh7 Rxg4 49. Rxh6 Rh4 50. Rh7 g4 51. Ke3 g3 52. Kf3 Rh2 53. Ra7 Rf2+ 54. Kg4 g2 55. Ra5+ Ke6 56. Ra1 Bxa1 0-1

[Event "UKR-ch (Women) 80th"]
[Site "Kherson"]
[Date "2020.12.14"]
[Round "9"]
[White "Buksa, Nataliya"]
[Black "Dubovyk, Anastasiia"]
[Result "1-0"]
[WhiteElo "2413"]
[BlackElo "1971"]
[PlyCount "49"]
[EventDate "2020.12.06"]
[EventType "swiss"]
[EventRounds "9"]
[EventCountry "UKR"]
[SourceTitle "CBM 199 Extra"]
[Source "ChessBase"]
[SourceDate "2021.01.31"]
[SourceVersion "1"]
[SourceVersionDate "2021.01.31"]
[SourceQuality "1"]

1. e4 c5 2. c3 Nf6 3. e5 Nd5 4. Bc4 e6 5. d4 cxd4 6. cxd4 b6 7. Bxd5 exd5 8. Nc3 Bb7 9. Qg4 d6 10. Nf3 h5 11. Qf4 Be7 12. 0-0 0-0 13. Qf5 g6 14. Qf4 Qd7 15. Qh6 dxe5 16. dxe5 Qf5 17. Ne2 Nc6 18. Ng3 Qe6 19. Ng5 Bxg5 20. Bxg5 f5 21. Nxh5 Rf7 22. Nf6+ Rxf6 23. Bxf6 Qd7 24. Qxg6+ Kf8 25. e6 1-0

[Event "UKR-ch (Women) 80th"]
[Site "Kherson"]
[Date "2020.12.13"]
[Round "8"]
[White "Martynkova, Olena"]
[Black "Dubovyk, Anastasiia"]
[Result "0-1"]
[WhiteElo "2262"]
[BlackElo "1971"]
[PlyCount "64"]
[EventDate "2020.12.06"]
[EventType "swiss"]
[EventRounds "9"]
[EventCountry "UKR"]
[SourceTitle "CBM 199 Extra"]
[Source "ChessBase"]
[SourceDate "2021.01.31"]
[SourceVersion "1"]
[SourceVersionDate "2021.01.31"]
[SourceQuality "1"]

1. d4 Nf6 2. c4 d6 3. g3 g6 4. Bg2 Bg7 5. Nf3 0-0 6. 0-0 Nbd7 7. Nc3 e5 8. e4 exd4 9. Nxd4 Re8 10. h3 a6 11. Be3 Rb8 12. b3 Ne5 13. Re1 Bd7 14. a4 Qc8 15. f4 Nc6 16. Kh2 h5 17. Nxc6 bxc6 18. Qc2 h4 19. g4 Bxg4 20. hxg4 Qxg4 21. Ne2 h3 22. Bxh3 Qh4 23. Nc3 Nh5 24. Ne2 Bxa1 25. Rxa1 Nf6 26. Bd4 Rxe4 27. Bg1 Rbe8 28. Ng3 Rxf4 29. Rf1 Ng4+ 30. Kg2 Ne3+ 31. Bxe3 Rxe3 32. Rxf4 Rxg3+ 0-1

[Event "UKR-ch (Women) 80th"]
[Site "Kherson"]
[Date "2020.12.11"]
[Round "6"]
[White "Gaponenko, Inna"]
[Black "Dubovyk, Anastasiia"]
[Result "0-1"]
[WhiteElo "2390"]
[BlackElo "1971"]
[PlyCount "82"]
[EventDate "2020.12.06"]
[EventType "swiss"]
[EventRounds "9"]
[EventCountry "UKR"]
[SourceTitle "CBM 199 Extra"]
[Source "ChessBase"]
[SourceDate "2021.01.31"]
[SourceVersion "1"]
[SourceVersionDate "2021.01.31"]
[SourceQuality "1"]

1. e4 c5 2. c3 Nf6 3. e5 Nd5 4. Nf3 e6 5. Bc4 d6 6. d4 cxd4 7. cxd4 Nc6 8. Qe2 Be7 9. 0-0 0-0 10. Rd1 Na5 11. Bd3 Nb4 12. Nc3 Nxd3 13. Rxd3 b6 14. b4 Nc4 15. d5 Qe8 16. Qe4 Nxe5 17. Nxe5 f5 18. Qc4 dxe5 19. Bb2 Bf6 20. f3 Bd7 21. Re1 Qf7 22. Qb3 Rfd8 23. d6 Bc6 24. b5 Bb7 25. Rd2 Rd7 26. Nd1 Rad8 27. Bxe5 Bxe5 28. Rxe5 Rxd6 29. Rxd6 Rxd6 30. Ne3 f4 31. Nc4 Rd5 32. Re1 Qf6 33. Kf1 Qf5 34. Qa3 Qc2 35. Ne5 Rd2 36. Ng4 Rd1 37. Rxd1 Qxd1+ 38. Kf2 Qd2+ 39. Kf1 Bd5 40. h3 Qd1+ 41. Kf2 Bc4 0-1

[Event "UKR-ch blitz (Women)"]
[Site "Kherson"]
[Date "2020.12.05"]
[Round "4"]
[White "Dubovyk, Anastasiia"]
[Black "Berdnyk, Mariia"]
[Result "1-0"]
[WhiteElo "1971"]
[BlackElo "2319"]
[PlyCount "133"]
[EventDate "2020.12.05"]
[EventType "swiss (blitz)"]
[EventRounds "9"]
[EventCountry "UKR"]
[SourceTitle "CBM 199 Extra"]
[Source "ChessBase"]
[SourceDate "2021.01.31"]
[SourceVersion "1"]
[SourceVersionDate "2021.01.31"]
[SourceQuality "1"]

1. e4 c5 2. Nf3 d6 3. c3 Nf6 4. Bd3 Bg4 5. h3 Bxf3 6. Qxf3 Nc6 7. Bc2 g6 8. 0-0 Bg7 9. Rd1 Nd7 10. Ba4 Nce5 11. Qe2 c4 12. Bc2 Nc5 13. b3 b5 14. a4 cxb3 15. Bxb3 Ned3 16. Bc2 Nxc1 17. Qxb5+ Kf8 18. Rxc1 Rb8 19. Qe2 Bf6 20. d4 Nb3 21. Bxb3 Rxb3 22. Nd2 Rb2 23. Rab1 Qb8 24. Qd3 Bg5 25. Rxb2 Qxb2 26. Rd1 Kg7 27. Nf3 Bh6 28. Rb1 Qa2 29. g3 Qxa4 30. Rb7 Rc8 31. Kg2 Qa1 32. c4 Qa2 33. Rxe7 Rxc4 34. Rxa7 Qc2 35. Qxc2 Rxc2 36. Kf1 Kf6 37. e5+ dxe5 38. dxe5+ Kg7 39. e6 Kg8 40. Rxf7 Rc6 41. Nd4 Rd6 42. Rd7 Bf8 43. Rxd6 Bxd6 44. Nc6 Kf8 45. Ke2 Bc5 46. f4 Bd6 47. Ke3 h5 48. h4 Bc5+ 49. Ke4 Bf2 50. Kf3 Be1 51. g4 Bxh4 52. gxh5 gxh5 53. f5 Bg5 54. Ke4 h4 55. Kf3 Kg7 56. Kg4 Kf8 57. Ne5 Bf6 58. Ng6+ Ke8 59. Nxh4 Ke7 60. Ng6+ Kd6 61. Kh5 Bd4 62. Kg5 Bc3 63. e7 Kd7 64. f6 Ke8 65. Kf5 Kf7 66. Ne5+ Ke8 67. Ke6 1-0

[Event "UKR-ch blitz (Women)"]
[Site "Kherson"]
[Date "2020.12.05"]
[Round "1"]
[White "Tribushnaya, Olga"]
[Black "Dubovyk, Anastasiia"]
[Result "0-1"]
[WhiteElo "1721"]
[BlackElo "1971"]
[PlyCount "74"]
[EventDate "2020.12.05"]
[EventType "swiss (blitz)"]
[EventRounds "9"]
[EventCountry "UKR"]
[SourceTitle "CBM 199 Extra"]
[Source "ChessBase"]
[SourceDate "2021.01.31"]
[SourceVersion "1"]
[SourceVersionDate "2021.01.31"]
[SourceQuality "1"]

1. e4 c5 2. c3 Nf6 3. e5 Nd5 4. d4 cxd4 5. Nf3 e6 6. cxd4 d6 7. Bd3 Nc6 8. Nc3 dxe5 9. dxe5 Nxc3 10. bxc3 Be7 11. 0-0 Qa5 12. Qe2 a6 13. Re1 b5 14. Bxh7 Bb7 15. Be4 Qc7 16. Bd3 Rd8 17. Bf4 Bc5 18. Rac1 Ne7 19. Be4 Nd5 20. Bxd5 Bxd5 21. Rcd1 Be7 22. Nd4 Qxc3 23. Qg4 g6 24. Ne2 Qc6 25. f3 Qb6+ 26. Kh1 Bc4 27. Ng3 Rh4 28. Qxh4 Bxh4 29. Ne4 Bxe1 30. Rxe1 Bxa2 31. Nf6+ Ke7 32. Be3 Qc6 33. Ne4 Bb3 34. Rc1 Rd1+ 35. Rxd1 Bxd1 36. h3 Bc2 37. Kh2 Bxe4 0-1

[Event "UKR-ch rapid (Women)"]
[Site "Kherson"]
[Date "2020.12.04"]
[Round "6"]
[White "Dubovyk, Anastasiia"]
[Black "Hrebenshchykova, Yelyzaveta"]
[Result "0-1"]
[WhiteElo "1971"]
[BlackElo "2083"]
[PlyCount "100"]
[EventDate "2020.12.03"]
[EventType "swiss (rapid)"]
[EventRounds "9"]
[EventCountry "UKR"]
[SourceTitle "EXT 2022"]
[Source "ChessBase"]
[SourceDate "2021.10.06"]
[SourceVersion "1"]
[SourceVersionDate "2021.10.06"]
[SourceQuality "1"]

1. e4 c5 2. Nf3 d6 3. d4 cxd4 4. Qxd4 a6 5. Nc3 Nc6 6. Qd1 Nf6 7. Bg5 e6 8. Be2 Be7 9. a4 0-0 10. 0-0 b6 11. Re1 Bb7 12. Bf1 Qc7 13. Nd2 Rad8 14. f4 h6 15. Bxf6 Bxf6 16. Nb3 d5 17. e5 Be7 18. Ne2 d4 19. Kh1 Bb4 20. Ng3 Bxe1 21. Qxe1 Ne7 22. Bd3 g6 23. Nd2 Nf5 24. Nge4 Ne3 25. Qh4 Kg7 26. Re1 Bd5 27. b3 Qb7 28. Qg3 Rc8 29. Rxe3 dxe3 30. Qxe3 Bxe4 31. Nxe4 Rcd8 32. h4 h5 33. Nd6 Qc7 34. Nc4 b5 35. axb5 axb5 36. Na3 b4 37. Nb5 Qc6 38. Kh2 Rd5 39. Nd6 Rxd6 40. exd6 Qxd6 41. g3 Rd8 42. Kh3 Qd4 43. Qe2 Ra8 44. Be4 Ra1 45. Bg2 Rc1 46. Be4 Qc3 47. Qf2 Rd1 48. Bd3 Rh1+ 49. Kg2 Qc6+ 50. Qf3 Rh2+ 0-1

[Event "UKR-ch rapid (Women)"]
[Site "Kherson"]
[Date "2020.12.03"]
[Round "5"]
[White "Dubovyk, Anastasiia"]
[Black "Tsirulnik, Maritsa"]
[Result "1-0"]
[WhiteElo "1971"]
[BlackElo "2139"]
[PlyCount "97"]
[EventDate "2020.12.03"]
[EventType "swiss (rapid)"]
[EventRounds "9"]
[EventCountry "UKR"]
[SourceTitle "EXT 2022"]
[Source "ChessBase"]
[SourceDate "2021.10.06"]
[SourceVersion "1"]
[SourceVersionDate "2021.10.06"]
[SourceQuality "1"]

1. e4 c5 2. Nf3 e6 3. b3 Nc6 4. Bb2 Nf6 5. e5 Nd5 6. c4 Nc7 7. Nc3 Be7 8. Ne4 0-0 9. Be2 Ne8 10. 0-0 f6 11. exf6 Nxf6 12. Ng3 d6 13. d4 cxd4 14. Nxd4 Nxd4 15. Qxd4 e5 16. Qd2 Be6 17. Rad1 Qb6 18. Bd3 g6 19. h3 Rf7 20. Kh1 Nd7 21. f4 Nc5 22. Bc2 Bh4 23. Ne2 Rd8 24. Qe3 e4 25. Nd4 Bf5 26. g4 Bd7 27. Bc3 Re8 28. Rd2 Ne6 29. Re2 Bf6 30. Nxe6 Rxe6 31. Qxb6 axb6 32. Bxf6 Rfxf6 33. Re3 Bc6 34. Kh2 Rf7 35. b4 b5 36. cxb5 Bd5 37. a3 b6 38. Kg3 Rc7 39. Rf2 Kf8 40. f5 Rf6 41. Bxe4 Bxe4 42. Rxe4 Rc3+ 43. Rf3 Rxf3+ 44. Kxf3 gxf5 45. gxf5 Rxf5+ 46. Rf4 Rxf4+ 47. Kxf4 Ke7 48. a4 Ke6 49. a5 1-0

[Event "Elitzur Int Online"]
[Site "Chess.com INT"]
[Date "2020.11.01"]
[Round "4"]
[White "Ofek, Ram"]
[Black "Dubovyk, Anastasiia"]
[Result "0-1"]
[WhiteElo "2120"]
[BlackElo "1971"]
[PlyCount "128"]
[EventDate "2020.11.01"]
[EventType "swiss (blitz)"]
[EventRounds "11"]
[EventCountry "ISR"]
[SourceTitle "CBM 199 Extra"]
[Source "ChessBase"]
[SourceDate "2021.01.31"]
[SourceVersion "1"]
[SourceVersionDate "2021.01.31"]
[SourceQuality "1"]

1. g3 Nf6 2. c4 g6 3. Nc3 Bg7 4. Bg2 d6 5. Nf3 0-0 6. 0-0 e5 7. d3 Nc6 8. Rb1 Re8 9. Nd2 Nd7 10. b4 e4 11. Ncxe4 f5 12. b5 Na5 13. Bb2 fxe4 14. Nxe4 Bxb2 15. Rxb2 Nf6 16. Ng5 h6 17. Nf3 Bg4 18. Qd2 b6 19. Qxh6 Qd7 20. Qxg6+ Qg7 21. Qxg7+ Kxg7 22. h3 Bxf3 23. Bxf3 Rad8 24. e4 Nd7 25. Be2 Nb7 26. f3 Nbc5 27. d4 Ne6 28. Rd2 Nf6 29. Kg2 Rh8 30. Bd1 Kf7 31. Bc2 Rdg8 32. Kh2 Nh5 33. d5 Nc5 34. Rg2 a6 35. f4 axb5 36. cxb5 Ra8 37. Bb1 Nf6 38. e5 Nxd5 39. exd6 cxd6 40. Rd2 Ne3 41. Re1 Rxh3+ 42. Kg1 Rxg3+ 43. Kf2 Rg2+ 44. Kxe3 Re8+ 45. Kf3 Rxd2 46. Bg6+ Kxg6 47. Rxe8 Rxa2 48. Rb8 Ra3+ 49. Kg4 Na4 50. Ra8 Kf6 51. Ra6 d5 52. Ra8 d4 53. f5 d3 54. Rd8 Nc5 55. Rd6+ Ke5 56. Rd8 Kf6 57. Kf4 Ra4+ 58. Ke3 Kxf5 59. Rd6 Re4+ 60. Kd2 Re2+ 61. Kd1 Rb2 62. Rxb6 Na4 63. Rd6 Nc3+ 64. Kc1 Rc2# 0-1